000 00577nas a2200205 4500
001 BR9506683
003 BR-BrBNA
005 20231205094224.0
007 ta
008 230509b bl.|||p| |||| 00| 00por d
040 _aBR-BrBNA
_bpor
_cBiblioteca Nacional de Agricultura
041 _a(Pt)
072 _aF50
100 1 _aMenezes, O.B. de
245 1 _aTecnica de cariologia vegetal
650 _aCitologia Vegetal
773 0 _tAgronomia (Brazil)
_x
_g(Jul-Dec 1955), v. 14(3-4) p. 287-310
_wBR9506683
909 _a202311
_bLúcia
_c55
_dLúcia Elande
942 _2AGRIS
_n0
_cANA
999 _c142882
_d142882